The UCL Lahun papyri : accounts /

محفوظ في:

التنسيق: كتاب

اللغة: Undetermined

منشور في: Oxford : Archaeopress, 2006.

سلاسل: BAR international series; 1471

الموضوعات:

الوسوم: إضافة وسم

لا توجد وسوم, كن أول من يضع وسما على هذه التسجيلة!

رقم الطلب: PJ1661 .U27

LEADER 00668nam a2200181Ia 4500
008 220401s9999||||xx |||||||||||||| ||und||
020 |a 1841719072 
050 4 |a PJ1661 .U27 
245 1 4 |a The UCL Lahun papyri :  |b accounts /  |c . 
264 1 |a Oxford :  |b Archaeopress,  |c 2006. 
300 |a vi, 339p. :  |b ill. (some folded) ;  |c 30cm. 
490 0 |a BAR international series; 1471 
500 |a includes bibliographical references and indexes. 
650 1 4 |a accounts Egypt. 
650 1 4 |a Egyptian language Papyri. 
942 |2 lcc  |c BK 
952 |0 0  |1 0  |2 lcc  |4 0  |6 PJ1661 U27  |7 1  |9 39300  |a ARCE  |b ARCE  |d 2022-04-01  |l 0  |o PJ1661 .U27  |p 1002279  |r 2022-04-01 00:00:00  |w 2022-04-01  |y BK 
999 |c 46881  |d 46881